<The> GPS / EGNOS Positioning Quality in APV-1 and LPV-200 Flight Procedures

V článku sú prezentované výsledky výskumu pomocou Európskej geostacionárnej navigačnej prekryvnej služby (EGNOS). Namerané údaje prijaté na analýzu boli v rokoch: 2012, 2014, 2015, 2017 a 2018. Výsledky analýzy preukázali významné zníženie maximálnych hodnôt chybnej polohy GPS / EGNOS od roku 2014 (...

Ausführliche Beschreibung

Gespeichert in:
Bibliographische Detailangaben
1. Verfasser: Grunwald, Grzegorz
Weitere Verfasser: Ciećko, Adam, Krasuski, Kamil, Kaźmierczak, Rafał
Format: Buchkapitel
Sprache:Englisch
Schlagworte:
Tags: Tag hinzufügen
Keine Tags, Fügen Sie das erste Tag hinzu!

MARC

LEADER 00000naa a2200000 4500
001 0272655
005 20210322164254.6
041 0 |a eng 
044 |a SK 
245 1 0 |a <The> GPS / EGNOS Positioning Quality in APV-1 and LPV-200 Flight Procedures  |c Grzegorz Grunwald, Adam Ciećko, Kamil Krasuski, Rafał Kaźmierczak 
520 |a V článku sú prezentované výsledky výskumu pomocou Európskej geostacionárnej navigačnej prekryvnej služby (EGNOS). Namerané údaje prijaté na analýzu boli v rokoch: 2012, 2014, 2015, 2017 a 2018. Výsledky analýzy preukázali významné zníženie maximálnych hodnôt chybnej polohy GPS / EGNOS od roku 2014 (v porovnaní s výsledkami z roku 2012). 
610 2 0 |a satelity 
610 2 0 |a lokalizácia 
610 2 0 |a doprava letecká 
610 2 0 |a technika digitálna 
100 1 |a Grunwald, Grzegorz 
700 1 |a Ciećko, Adam 
700 1 |a Krasuski, Kamil 
700 1 |a Kaźmierczak, Rafał